000 00635cam a2200145 4500500
005 20260208005826.0
041 _afre
042 _adc
100 1 0 _aO’Dea, Michael
_eauthor
245 0 0 _aCLAUDE JAMAIN, L’Imaginaire de la musique au Siècle des Lumières. Paris, Champion (collection Les Dix-huitièmes siècles, n° 78), 2003. Un vol. relié de 404 p.
260 _c2005.
500 _a1
786 0 _nRevue d'histoire littéraire de la France | 105 | 3 | 2005-06-01 | p. 655z-764z | 0035-2411
856 4 1 _uhttps://shs.cairn.info/revue-d-histoire-litteraire-de-la-france-2005-3-page-655z?lang=fr&redirect-ssocas=7080
999 _c1653960
_d1653960